Narrative culture

Detalles Bibliográficos
Formato: Electrónico Revista
Lenguaje:inglés
Publicado: Detroit, Michigan : Wayne State University Press, 2014-
Materias:
Acceso en línea:Full text available from Research Library: 04/01/2014 to present

MARC

LEADER 00000nas a2200000 i 4500
001 ssj0001219504
003 WaSeSS
005 20200512172242.0
006 m d
007 cr n
008 120801c20149999miufr p s 0 a0eng
010 |a  2012203215 
022 |a 2169-0251  |y 2169-0235 
035 |a (WaSeSS)ssj0001219504 
037 |b Wayne State University Press, 4809 Woodward Ave., Detroit, MI 48201  |c $24.00 (single issue)  |c $102.00 (institution)  |c $42.00 (individual)  |c $24.00 (student/senior) 
040 |a DLC  |b eng  |c DLC  |d OCLCQ  |d DLC  |d U3G  |d OCLCO  |d OCLCF  |d EUX  |d ORU  |d GZM  |d OCL  |d VT2  |d CUS  |d OCL  |d CUS  |d WaSeSS 
042 |a pcc  |a nsdp 
050 1 4 |a PN3383.N35 
082 1 0 |a 808  |2 23 
222 0 |a Narrative culture  |b (Online) 
245 0 0 |a Narrative culture  |h [electronic resource]. 
260 |a Detroit, Michigan :  |b Wayne State University Press,  |c 2014- 
310 |a Twice a year 
362 1 |a Began with: Volume 1, Issue 1 (Spring 2014). 
506 |a License restrictions may limit access. 
588 |a Description based on: Volume 1, Issue 1 (Spring 2014); title from contents page (digitalcommons.wayne.edu website, viewed July 7, 2014). 
588 |a Latest issue consulted: Volume 1, Issue 1 (Spring 2014) (viewed July 7, 2014). 
650 0 |a Narration (Rhetoric) 
650 0 |a Fiction  |x Technique. 
650 7 |a Fiction  |x Technique.  |2 fast  |0 (OCoLC)fst00923755 
650 7 |a Narration (Rhetoric)  |2 fast  |0 (OCoLC)fst01032927 
655 0 |a Electronic journals. 
776 0 8 |i Print version:  |t Narrative culture  |x 2169-0235  |w (DLC) 2012203214  |w (OCoLC)802826416 
856 4 0 |z Full text available from Research Library: 04/01/2014 to present  |u https://search.proquest.com/publication/2034457